Catálogo público

Manual de laboratorio de química / (Record no. 169420)

MARC details
000 -CABECERA
campo de control de longitud fija 00820nam a2200277Ia 4500
001 - NÚMERO DE CONTROL
campo de control Z_6184
003 - IDENTIFICADOR DEL NÚMERO DE CONTROL
campo de control CHAP
008 - DATOS DE LONGITUD FIJA--INFORMACIÓN GENERAL
campo de control de longitud fija 220113s1971 xx 000 0 und d
010 ## - NÚMERO DE CONTROL DE LA BIBLIOTECA DEL CONGRESO
Número de control de LC 169420
040 ## - FUENTE DE LA CATALOGACIÓN
Centro/agencia transcriptor CHAP
082 ## - NÚMERO DE LA CLASIFICACIÓN DECIMAL DEWEY
Número de clasificación C 540.078 D39
100 ## - ENTRADA PRINCIPAL--NOMBRE DE PERSONA
Nombre de persona Dawson, John W.
9 (RLIN) 144071
245 ## - MENCIÓN DE TÍTULO
Título Manual de laboratorio de química /
Mención de responsabilidad, etc. John W. Dawson; traductor Homero Vela Treviño
260 ## - PUBLICACIÓN, DISTRIBUCIÓN, ETC.
Lugar de publicación, distribución, etc. México :
Nombre del editor, distribuidor, etc. Nueva Editorial Interamericana,
Fecha de publicación, distribución, etc. 1971
300 ## - DESCRIPCIÓN FÍSICA
Extensión viii, 143 p.
500 ## - NOTA GENERAL
Nota general Traducción de la obra en inglés: Laboratory manual for chemistry: a brief introduction
503 ## - NOTA DE HISTORIA BIBLIOGRÁFICA (BK CF MU) [OBSOLETO]
Nota de historia bibliográfica ej.1: s/n
650 ## - PUNTO DE ACCESO ADICIONAL DE MATERIA--TÉRMINO DE MATERIA
Término de materia o nombre geográfico como elemento de entrada Química
Subdivisión general Manuales de laboratorio
9 (RLIN) 93567
700 ## - PUNTO DE ACCESO ADICIONAL--NOMBRE DE PERSONA
Nombre de persona Vela Treviño, Homero, tr.
9 (RLIN) 144072
901 ## - ELEMENTOS DE DATOS A LOCAL LDA (RLIN)
a C 540.078 D39
902 ## - ELEMENTOS DE DATOS B LOCAL, LDB (RLIN)
a M
910 ## - DATOS DE OPCIÓN DEL USUARIO (OCLC)
Datos de opción del usuario 1971
942 ## - ELEMENTOS DE PUNTO DE ACCESO ADICIONAL (KOHA)
Tipo de ítem Koha Libro_
942 ## - ELEMENTOS DE PUNTO DE ACCESO ADICIONAL (KOHA)
Tipo de ítem Koha
Holdings
Estado de retiro Estado de pérdida Fuente del sistema de clasificación o colocación Estado dañado Restricciones de uso No para préstamo Código de colección Localización permanente Ubicación/localización actual Fecha de adquisición Signatura topográfica completa Código de barras Fecha visto por última vez Número de copia Precio válido a partir de Tipo de ítem Koha
    Dewey Decimal Classification   Préstamo interno   Consulta Zootecnia Zootecnia 19/06/2012 C 540.078 D39 z_4458 18/01/2022 1 18/01/2022 Libro